000 00406nam a22001697a 4500
005 20180223160425.0
008 160523b xxu||||| |||| 00| 0 eng d
020 _a81-8318-066-3
041 _aeng
082 _b4120
_a330
100 _aMishra - Puri
_9996
245 _aEconomics for Management
260 _aNew Delhi
_bAcademic Faundation
300 _a522
650 _aManagement
_9241
942 _cBK
999 _c1381
_d1381